00711nam a2200181Ia 4500003000200000005001700002008004100019050002800060100003100088245012100119260009000240300003900330504004100369650002000410650001700430650002900447650005300476020250127110612.0150126s9999 xx 000 0 und d aPHS LC 213b.Ad243 2014 aAdriano, Princess Maria M. 4aThe relationship of self-awareness on the self-esteem of selected bc grade 11 students /cPrincess Maria M. Adriano. aLas Piñas City, Philippines :bSouthville International School and Colleges,c2014. a43 pages :billustration ;c28 cm. aIncludes bibliographical references. aSelf-awareness. aSelf-esteem. aAdolescentsvPsychology. aSocial and psychological aspects of adolescence.